000 00579nam a22002297a 4500
003 UA-OsUOA
001 22101
007 ta
008 20031216b un ||||| |||| 00| 0 ukr d
090 _a008(09)"652"
_bК90
942 _cBK
040 _aUA-OsUOA
_brus
_cUA-OsUOA
_dUA-OsUOA
245 _aКультура античного мира
_cРед. А.И.Болтунова
300 _a300 с.
955 _a0
041 _arus
080 _a008(09)"652"
260 _aМосква
_bНаука
_c1966
044 _aRU
650 7 _2UDC
999 _c308314
_d308314